|
|
|
|
| LEADER |
00000nas a2200000 i 4500 |
| 001 |
ssj0001012387 |
| 003 |
WaSeSS |
| 005 |
20200512172242.0 |
| 006 |
m d |
| 007 |
cr n |
| 008 |
060630c20129999gw ar p s 0 a0eng c |
| 010 |
|
|
|a 2014254223
|
| 022 |
|
|
|a 2192-113X
|l 2192-113X
|
| 035 |
|
|
|a (WaSeSS)ssj0001012387
|
| 040 |
|
|
|a WaSeSS
|b eng
|e pn
|c CUD
|d OCLCO
|d CUS
|d HNK
|d OCLCF
|d DLC
|d AU@
|d UAB
|d OCLCQ
|d WaSeSS
|
| 042 |
|
|
|a pcc
|
| 050 |
0 |
0 |
|a QA76.585
|
| 130 |
0 |
|
|a Journal of cloud computing (Heidelberg, Germany)
|
| 210 |
0 |
|
|a J. cloud computing
|b (Heidelb.)
|
| 222 |
|
0 |
|a Journal of cloud computing
|b (Heidelberg)
|
| 245 |
1 |
0 |
|a Journal of cloud computing
|h [electronic resource] :
|b advances, systems and applications.
|
| 246 |
1 |
|
|a JoCCASA
|
| 260 |
|
|
|a Heidelberg, Germany :
|b Springer-Verlag, GmbH,
|c 2012-
|
| 310 |
|
|
|a Annual
|
| 362 |
1 |
|
|a Began with: Volume 1, issue 1 (December 2012).
|
| 506 |
|
|
|a License restrictions may limit access.
|
| 515 |
|
|
|a Articles published online one at a time.
|
| 588 |
|
|
|a Description based on: Volume 1, issue 1 (December 2012); title from journal home page (Springer Open website, viewed October 28, 2013).
|
| 588 |
|
|
|a Latest issue consulted: Volume 6, issue 1 (December 2017) (Spinger Link website, viewed October 18, 2017).
|
| 650 |
|
0 |
|a Cloud computing
|v Periodicals.
|
| 650 |
|
7 |
|a Cloud computing.
|2 fast
|0 (OCoLC)fst01745899
|
| 655 |
|
0 |
|a Electronic journals.
|
| 850 |
|
|
|a DLC
|
| 856 |
4 |
0 |
|z Full text available from Research Library: 04/01/2012 to present
|u https://search.proquest.com/publication/2034894
|